<?xml version="1.0" encoding="UTF-8"?>
<record
    xmlns:xsi="http://www.w3.org/2001/XMLSchema-instance"
    xsi:schemaLocation="http://www.loc.gov/MARC21/slim http://www.loc.gov/standards/marcxml/schema/MARC21slim.xsd"
    xmlns="http://www.loc.gov/MARC21/slim">

  <leader>01969cam a22002654a 4500</leader>
  <controlfield tag="001">16439352</controlfield>
  <controlfield tag="005">20110712132858.0</controlfield>
  <controlfield tag="008">100830s2011    flua     b    001 0 eng  </controlfield>
  <datafield tag="020" ind1=" " ind2=" ">
    <subfield code="a">9781439846445 (hardback : alk. paper)</subfield>
  </datafield>
  <datafield tag="040" ind1=" " ind2=" ">
    <subfield code="a">DLC</subfield>
    <subfield code="c">DLC</subfield>
    <subfield code="d">DLC</subfield>
  </datafield>
  <datafield tag="082" ind1="0" ind2="0">
    <subfield code="a">624.15136</subfield>
    <subfield code="2">22</subfield>
    <subfield code="b">ISH</subfield>
  </datafield>
  <datafield tag="100" ind1="1" ind2=" ">
    <subfield code="a">Ishibashi, Isao.</subfield>
    <subfield code="9">29049</subfield>
  </datafield>
  <datafield tag="245" ind1="1" ind2="0">
    <subfield code="a">Soil Mechanics Fundamentals /</subfield>
    <subfield code="c">Isao Ishibashi, Hemanta Hazarika.</subfield>
  </datafield>
  <datafield tag="260" ind1=" " ind2=" ">
    <subfield code="a">Boca Raton :</subfield>
    <subfield code="b">CRC Press,</subfield>
    <subfield code="c">c2011.</subfield>
  </datafield>
  <datafield tag="300" ind1=" " ind2=" ">
    <subfield code="a">xvii, 325 p. :</subfield>
    <subfield code="b">ill. ;</subfield>
    <subfield code="c">25 cm.</subfield>
  </datafield>
  <datafield tag="504" ind1=" " ind2=" ">
    <subfield code="a">Includes bibliographical references and indexes.</subfield>
  </datafield>
  <datafield tag="520" ind1=" " ind2=" ">
    <subfield code="a">"Comprehensive and introductory, this textbook covers all basic fundamental concepts of soil mechanics. It delineates how soil behaves, why it behaves that way, and the engineering significance of such behavior. The text clearly explains the various behaviors of soils based on mathematics, physics, and chemistry in simple but comprehensive ways. The authors include essential engineering equations to emphasize the importance of fundamentals, and 180 problems and solutions to aid with application. An instructor's guide, solutions manual, and PowerPoint presentation are available upon qualifying course adoption"--</subfield>
  </datafield>
  <datafield tag="520" ind1=" " ind2=" ">
    <subfield code="a">"This book is not meant to cover full information and full spectrum of geotechnical engineering discipline, but rather intended to provide the simplest yet comprehensive first text book in soil mechanics for students and engineers in the field of civil engineering as well as architecture to understand what is soil, how it works, and why it works that way"--</subfield>
  </datafield>
  <datafield tag="650" ind1=" " ind2="0">
    <subfield code="a">Soil mechanics.</subfield>
    <subfield code="9">29050</subfield>
  </datafield>
  <datafield tag="653" ind1=" " ind2=" ">
    <subfield code="b">Civ</subfield>
    <subfield code="c">February2012</subfield>
  </datafield>
  <datafield tag="700" ind1="1" ind2=" ">
    <subfield code="a">Hazarika, Hemanta.</subfield>
    <subfield code="9">29051</subfield>
  </datafield>
  <datafield tag="942" ind1=" " ind2=" ">
    <subfield code="2">ddc</subfield>
    <subfield code="c">BB</subfield>
  </datafield>
  <datafield tag="999" ind1=" " ind2=" ">
    <subfield code="c">16500</subfield>
    <subfield code="d">16500</subfield>
  </datafield>
  <datafield tag="952" ind1=" " ind2=" ">
    <subfield code="0">0</subfield>
    <subfield code="1">0</subfield>
    <subfield code="2">ddc</subfield>
    <subfield code="4">0</subfield>
    <subfield code="7">0</subfield>
    <subfield code="8">Alahram</subfield>
    <subfield code="a">MAIN</subfield>
    <subfield code="b">MAIN</subfield>
    <subfield code="c">1ST</subfield>
    <subfield code="d">2012-02-20</subfield>
    <subfield code="e">purchase</subfield>
    <subfield code="g">545.00</subfield>
    <subfield code="h">682</subfield>
    <subfield code="l">0</subfield>
    <subfield code="o">624.15136 ISH</subfield>
    <subfield code="p">000026160</subfield>
    <subfield code="r">2025-07-15 00:00:00</subfield>
    <subfield code="y">BB</subfield>
  </datafield>
</record>
